EPIC The Musical : Keep Your Friends Close - Statistiques

Statistiques générales
  • Ce quiz a été pris 61 fois
    59 depuis la dernière actualisation
  • Le résultat moyen est 422 sur 500
Statistiques - réponses
Hint Réponse % Correct
a
100%
Odysseus A
100%
go
100%
win,
100%
an
97%
and
97%
And
97%
can
97%
Can
97%
do
97%
Do
97%
God,
97%
| Aeolus | Odysseus I
97%
know
97%
of
97%
the
97%
we
97%
| Odysseus We
97%
wind
97%
wind,
97%
you
97%
your
97%
Aeolus,
95%
am
95%
am?
95%
bag
95%
bag?
95%
bag!
95%
bag,
95%
close
95%
closer
95%
enemies
95%
friends
95%
Aeolus & Winions Friends
95%
friends,
95%
have
95%
if
95%
| Aeolus If
95%
is
95%
It
95%
it
95%
Winions It′s
95%
it′s
95%
it's
95%
| Aeolus keep
95%
Aeolus Keep
95%
open
95%
open,
95%
Soldier 1 Open
95%
so
95%
| Odysseus So
95%
this
95%
This
95%
to
95%
what
95%
Odysseus What?
95%
who
95%
closed,
92%
closed
92%
Odysseus Great
92%
Aeolus Ha-ha-ha,
92%
I'm
92%
I′m
92%
in
92%
| Odysseus No,
92%
no
92%
Odysseus No
92%
not
92%
not!
92%
storm
92%
Crew Storm,
92%
that
92%
treasure
92%
don′t
90%
for
90%
Odysseus For
90%
game
90%
game?
90%
let
90%
| Soldier 2 Let's
90%
me
90%
me?
90%
sir
90%
sir,
90%
some
90%
Aeolus That′s
90%
that's
90%
be
87%
| Eurylochus But
87%
but
87%
day,
87%
get
87%
has
87%
Penelope & Telemachus | Penelope & Telemachus, (Choir) Just
87%
must
87%
Crew, (Winions) | Winions Never
87%
never
87%
Odysseus,
87%
Poseidon Odysseus
87%
see
87%
See
87%
they
87%
trust
87%
trust (Never really know who you can trust)
87%
what′s
87%
what's
87%
Soldiers 1 & 2 What's
87%
Soldier 1 Captain,
85%
home
85%
home?
85%
opening
85%
too
85%
up
85%
up,
85%
up!
85%
by
82%
eyes
82%
eyes,
82%
giants
82%
got
82%
late!
82%
open (Keep your eyes open)
82%
Choir Penelope
82%
play
82%
try
82%
turn
82%
twisting
82%
us
82%
us?
82%
| Penelope Wake
82%
wake
82%
you're
82%
You′re
82%
all
79%
All
79%
days,
79%
easy,
79%
had
79%
how
79%
inside
79%
really
79%
say,
79%
supposed
79%
will
79%
always
77%
ask
77%
Winions Bye-bye
77%
can't
77%
Aeolus ′Cause
77%
Aeolus 'Cause
77%
dangerous,
77%
end
77%
gotta
77%
Odysseus Help
77%
Ithaca!
77%
Aeolus & Winions land
77%
listen
77%
my
77%
on
77%
on!
77%
serving,
77%
Odysseus Something
77%
Crew, (Winions) | Winions Sometimes
77%
they′re
77%
turning
77%
Soldiers 1 & 2 We'll
77%
another
74%
at
74%
closely
74%
father
74%
look
74%
make
74%
our
74%
Odysseus Sounds
74%
stay
74%
still
74%
Choir Telemachus
74%
Odysseus Time
74%
was
74%
Odysseus Why
74%
why
74%
winds
74%
getting
72%
means
72%
memories
72%
new
72%
nine
72%
Aeolus Take
72%
wait
72%
are
69%
assistance,
69%
catch?
69%
come
69%
same,
69%
same
69%
blocked
67%
Odysseus Deal
67%
fire
67%
guess?
67%
heavy?
67%
journey
67%
taking
67%
trapped
67%
use
67%
burning
64%
changed
64%
changed,
64%
I've
64%
justifies
64%
killing
64%
Odysseus Where′s
64%
yes,
64%
awake
62%
closure
62%
distance
62%
since
62%
yearning
62%
cannot
59%
Everybody
59%
happening?
59%
much
59%
right
59%
said
59%
trying
59%
enough
56%
heart,
56%
here
56%
impenetrable
56%
into
56%
left
56%
path
56%
Polites,
56%
rumor
56%
stayed
56%
wanna
56%
with
56%
fly
54%
perfect
54%
soul
54%
won′t
54%
cast
51%
Crew Everything′s
51%
foes
51%
mustn't
51%
weren't
51%
Winions Full
49%
give
49%
speed
49%
wave
49%
wide
49%
ahead
46%
Aeolus Now
46%
aid
44%
embrace
44%
last
44%
or
44%
whatever
44%
heading
41%
rivalries
41%
save
41%
tidal
41%
lag
38%
compliant
36%
remain
36%
both,
33%
must (Sometimes sneaking is a must)
33%
sneaking
33%
unopposed,
26%
Tryna
18%
Aucun quiz correspondant
Distribution des résultats
% des personnes avec chaque résultat
Percentile par nombre de réponses
Votre historique - résultats
Vous n’avez pas pris ce quiz depuis la dernière actualisation